| 000 | 00932nam a2200277Ia 4500 | ||
|---|---|---|---|
| 003 | OSt | ||
| 005 | 20221007125402.0 | ||
| 006 | a|||||r|||| 00| 0 | ||
| 007 | ta | ||
| 008 | 221006b |||||||| |||| 00| 0 eng d | ||
| 020 |
_a3906390241 (hbd) _c _ 115.00 |
||
| 024 | _a9984 | ||
| 037 |
_bDhanraj, _cTextual |
||
| 040 |
_aCDL _cCDL _beng |
||
| 041 |
_2eng _aeng |
||
| 082 | _aE92, P2 | ||
| 100 |
_aHesse Manfred _9721876 |
||
| 245 | 0 | _aAlkaloids: nature's curse or blessing by Manfred Hesse | |
| 260 |
_aWeinnheim _bWiley-VCH _c2002 |
||
| 300 |
_axii, 413p _ccm. |
||
| 500 | _aIndex 383-413p; ^n23/CSL/CARC/2002-2003/324^d2002-10-28^mPurchase; ; 2002-03/395^b2002-11-11^c99^d2002-11-07^eRs.5,034.24^fDhanraj Book House; ; 2003-01-23^bSB^c2003-09-29^dJindal | ||
| 650 |
_a Alkaloids _9721630 |
||
| 650 | _aChemistry | ||
| 942 |
_hE92, P2 _cTEXL _2CC |
||
| 999 |
_c1215192 _d1215192 |
||